000 00638nam a2200241Ia 4500
003 OSt
005 20221007063409.0
006 a|||||r|||| 00| 0
007 ta
008 221006b |||||||| |||| 00| 0 eng d
024 _a25,587
037 _cTextual
040 _aFLL
_cFLL
_beng
041 _2eng
_aeng
082 _aV73:2:9Zy7, J4 3-3
100 _aFreund Paul A.
_9152586
245 0 _aConstitution law
250 _a3rd
260 _aBoston
_bLittle, Brown And Company 1969
_c1969
300 _aix,161p
_ccm.
942 _hV73:2:9Zy7, J4 3-3
_cTEXL
_2CC
999 _c1131154
_d1131154